Guía de frutos de los bosques del Río Duda, La Macarena, Colombia / (Registro nro. 2865)

Detalles MARC
000 -CABECERA
Campo de control 01034cam a2200265 i 4500
005 - FECHA Y HORA DE LA ULTIMA TRANSACCION
Campo de control 20160218175927.0
008 - ELEMENTOS DE LONGITUD FIJA—INFORMACION GENERAL
Campo de control 011113s2000 ck ab b 001 0 spa c
020 ## - ISBN
ISBN 9583308196
040 ## - FUENTE DE CATALOGACIÓN
Agencia catalogadora original MOA
Agencia transcriptora MOA
Agencia Modificadora AGL
-- DLC
-- CO-BoIAVH
041 ## - IDIOMA
Código de idioma para texto/pista de sonido o título separado Español
042 ## - AUTHENTICATION CODE
Authentication code pcc
043 ## - GEOGRAPHIC AREA CODE
Geographic area code s-ck---
082 04 - NUMERO DE CLASIFICACION DECIMAL DEWEY
Número de clasificación 575.67
Número del ítem S84g
100 1# - ASIENTO PRINCIPAL--NOMBRE PERSONAL
Nombre personal Stevenson, Pablo R.
9 (RLIN) 61148
245 10 - MENCION DE TITULO
Título Guía de frutos de los bosques del Río Duda, La Macarena, Colombia /
Mención de responsabilidad Pablo R. Stevenson, Marcela José Quiñones, María Clara Castellanos.
260 ## - PUBLICACION, DISTRIBUCION, ETC. (PIE DE IMPRENTA)
Lugar de publicación, distribución, etc. [Bogotá] :
Nombre del editor, distribuidor, etc. Asociación para la Defensa de la Reserva de la Macarena :
Fecha de publicación, distribución, etc. c2000.
300 ## - DESCRIPCION FISICA
Extensión 467 páginas:
Otros detalles físicos ilustraciones y mapas ;
Dimensiones 28 cm.
504 ## - NOTA DE BIBLIOGRAFIA, ETC.
Nota de bibliografía Incluye referencias bibliográficas e índice.
650 14 - ASIENTO SECUNDARIO DE MATERIA - TERMINO TEMATICO
Término temático o nombre geográfico como elemento de entrada Frutos
Subdivisión geográfica Colombia
Subdivisión de forma Identificación
9 (RLIN) 61149
650 24 - ASIENTO SECUNDARIO DE MATERIA - TERMINO TEMATICO
Término temático o nombre geográfico como elemento de entrada Árboles frutales
Subdivisión geográfica Colombia
Subdivisión de forma Identificación
9 (RLIN) 61150
650 24 - ASIENTO SECUNDARIO DE MATERIA - TERMINO TEMATICO
Término temático o nombre geográfico como elemento de entrada Botánica
Subdivisión geográfica Colombia
9 (RLIN) 61151
700 1# - ASIENTO SECUNDARIO - NOMBRE PERSONAL
Nombre personal Quiñones, Marcela José,
Término de relación autora.
9 (RLIN) 7147
700 1# - ASIENTO SECUNDARIO - NOMBRE PERSONAL
Nombre personal Castellanos, María Clara,
Término de relación autora.
9 (RLIN) 7148
942 ## - ELEMENTOS ADICIONALES (KOHA)
Sistema de clasificación Dewey Decimal Classification
Tipo de ítem Libro
Existencias
Withdrawn status Lost status Sistema de Clasificación Damaged status No para préstamo Colección Inventariado Ubicación Permanente Ubicación actual Fecha de adquisición Fuente de Valor Valor Total Checkouts Total Renewals Número topográfico Inventario / Código de Barras Date last seen Date checked out Ejemplar Price effective from Forma de adquisición Tipo de material
    Dewey Decimal Classification     General Inventariado 2017 Sala Fabio Quevedo Bogotá 08/08/2002 Instituto 39000.00 1 1 LB-575.67 S84g 003356 11/09/2018 14/08/2018 Ej. 2 04/12/2012 Donación Libro
    Dewey Decimal Classification     General Inventariado 2017 Bogotá Bogotá 08/08/2002 Instituto 39000.00     LB-575.67 S84g 003357 04/12/2012   Ej. 1 04/12/2012   Libro